01487nam a2200373 i 450000100060000000300080000600500170001400600190003100700150005000800410006501700220010602000270012803500220015504000310017705000210020808000140022908200160024310000420025924502750030126400530057630000410062933600310067033700330070133800430073449000420077750000220081958800830084165000170092465000210094165000180096265500270098083000430100785600630105069419FINmELB20241217142959.0m o d | cr cnu||||||||230328s2014 sp o 001 0 spa d aM-7620-2014b2014 a9788497551762q(print) a(OCoLC)1377205349 aFINmELBbspaerdacFINmELB 4aBF173bM535 2014 a159.964.204a150.1952231 aMenassa, Miguel Oscar,d1940-eautor.10aFreud y Lacan.nablados 5 :bSegunda tópica: más allá del principio del placer, el yo y el ello, las servidumbres del yo y las dos clases de instintos, la negación, análisis terminable e interminable, la sexualidad, procesos creativos. /cMiguel Oscar Menassa. 1aMadrid, España :bEditorial Grupo Cero,c2014. a1 recurso en línea (305 páginas) atextobtxt2rdacontent/spa acomputadorabc2rdamedia/spa arecurso en líneabcr2rdacarrier/spa1 aColección Extensión Universitaria aIncluye índice. aDescripción basada en metadatos suministrados por el editor y otras fuentes. 4aMovimientos. 4aPsicoanálisis. 4aPsicología. 4aLibros electrónicos. 0aColección Extensión Universitaria.40uhttps://elibro.net/ereader/politecnicointernacional/204154